[Event "Balatonbereny op"]
[Site "Balatonbereny"]
[Date "1995.??.??"]
[Round "7"]
[White "Turzo, Attila"]
[Black "Szirmai, Eduard"]
[Result "1/2-1/2"]
[WhiteElo "2310"]
[BlackElo "2190"]

1.e4 g6 2.d4 Bg7 3.Nc3 d6 4.Be3 c6 5.Qd2 b5 6.h4 h5 7.Nh3 Nd7 8.Ng5 Nb6 9.b3 Nf6
10.f3 Qc7 11.g3 a5 12.Bh3 O-O 13.O-O b4 14.Ne2 Bd7 15.c4 bxc3 16.Qxc3 Rfc8
17.Rac1 Bxh3 18.Nxh3 Qd7 19.Kg2 c5 20.Qd3 cxd4 21.Bxd4 Qb7 22.Qb5 Nfd7 23.Bxg7 Kxg7
24.Nf2 Nc5 25.Rc3 Qa6 26.Qxa6 Nxa6 27.Rfc1 Nc5 28.a3 Kf8 29.b4 axb4 30.axb4 Ncd7
31.Rxc8+ Rxc8 32.Rxc8+ Nxc8 33.Nd3 Ncb6 34.Kf2 e5 35.Nc3 Ke7 36.Ke3 Ke6 37.Nb2 d5
38.exd5+ Nxd5+ 39.Nxd5 Kxd5 40.Kd3 Nb6 41.Nd1 f5 42.Ne3+ Kc6 43.Nc4 Nd7 44.Kc3 Kd5
45.Kd3 Kc6 46.Kd2 Kd5 47.Kc3 Kc6 48.Nb2 Kd5 49.Nd3 Kc6 50.Kc4 Nb6+ 51.Kb3 Kd5
52.Kc3 Na4+ 53.Kb3 Nb6 54.Kc3 Na4+  1/2-1/2

[Event "Barbera del Valles op"]
[Site "Barbera del Valles"]
[Date "1995.??.??"]
[Round "7"]
[White "Ferron Garcia, Carlos"]
[Black "Beltran, Medina Francisco"]
[Result "1-0"]
[WhiteElo "2275"]
[BlackElo "2035"]

1.e4 g6 2.d4 Bg7 3.Nc3 d6 4.Be3 c6 5.Qd2 b5 6.Nge2 a6 7.f3 Nd7 8.g4 h5 9.gxh5 Rxh5
10.Nf4 Rh8 11.Qg2 Nf8 12.h4 e5 13.dxe5 Bxe5 14.Nd3 Bf6 15.O-O-O Bxc3 16.bxc3 Qa5
17.Bd4 Rh7 18.h5 Be6 19.hxg6 Rxh1 20.gxf7+ Bxf7 21.Qxh1 O-O-O 22.Kd2 c5 23.Be3 Be6
24.Bh3 Rd7 25.Bxe6 Nxe6 26.Qh3 Nd8 27.Rg1 Ne7 28.Rg7 Ndc6 29.Bg5 Qd8 30.Nf4 Qe8
31.Bxe7 Nxe7 32.Nd5 Nxd5 33.exd5 Kc7 34.Rxd7+ Qxd7 35.Qxd7+ Kxd7 36.Ke3 Ke7
37.Kf4 Kf6 38.Kg4 a5 39.f4 a4 40.f5 b4 41.cxb4 cxb4 42.Kf4 a3 43.Kg4 Ke5
44.Kg5 Kd4 45.f6 b3 46.cxb3 Kc3 47.f7 Kb2 48.f8=Q Kxa2 49.Qxd6 Kxb3 50.Qxa3+  1-0

[Event "Baunatal op"]
[Site "Baunatal"]
[Date "1995.??.??"]
[Round "6"]
[White "Bohnstorff, Michael"]
[Black "Koenig, Dietrich"]
[Result "1/2-1/2"]
[WhiteElo "2215"]
[BlackElo "2270"]

1.e4 g6 2.d4 Bg7 3.Nc3 d6 4.Be2 Nf6 5.Be3 c6 6.a4 Qc7 7.h4 h5 8.Qd2 e5 9.f3 exd4
10.Qxd4 O-O 11.Qd2 d5 12.O-O-O dxe4 13.fxe4 Ng4 14.Bxg4 Bxg4 15.Nf3 Na6 16.Bd4 Rfd8
17.Qe3 Bxf3 18.gxf3 Bxd4 19.Rxd4 Rxd4 20.Qxd4 Qf4+ 21.Kb1 Qxf3 22.Rg1 Qh3
23.Qc4 Kg7 24.Qd4+ Kg8 25.Qc4 Kg7 26.Qd4+ Kg8  1/2-1/2

[Event "Baunatal op"]
[Site "Baunatal"]
[Date "1995.??.??"]
[Round "7"]
[White "Juergens, Peter"]
[Black "Mikoleizig, Egenhard"]
[Result "1-0"]
[WhiteElo "2265"]
[BlackElo "2260"]

1.d4 g6 2.e4 Bg7 3.Nc3 d6 4.h3 Nf6 5.g3 c5 6.dxc5 Qa5 7.Bg2 Qxc5 8.Nge2 Qc7
9.O-O Bd7 10.Be3 Bc6 11.Nd4 a6 12.Qd2 O-O 13.Bh6 Ne8 14.Bxg7 Kxg7 15.Qg5 e6
16.Nce2 h6 17.Qd2 Nf6 18.Nc3 Rd8 19.f4 Nbd7 20.Kh2 Nb6 21.Nxc6 bxc6 22.b3 d5
23.e5 Ng8 24.Rae1 Ne7 25.Nd1 a5 26.Nf2 a4 27.Ng4 Ng8 28.Ne3 c5 29.g4 Ne7
30.Kh1 d4 31.Nc4 Nxc4 32.bxc4 Rab8 33.Qd3 Rb2 34.f5 gxf5 35.gxf5 exf5 36.Rg1 Kh7
37.Bd5 Rg8 38.Rxg8 Kxg8 39.Qg3+ Kf8 40.Qh4 Ng8 41.Rg1 Rb6 42.Qh5 Qd7 43.Rf1 Rg6
44.Rxf5 Rg7 45.Qf3 Qe7 46.Qf4 Qc7 47.a3 Ke8 48.Qf1 Qe7 49.Qb1 Qc7 50.Qb5+ Kf8
51.Qxa4 Qc8 52.Qa8 Qxa8 53.Bxa8 Ne7 54.Rf6 Rg3 55.Bd5 Rxh3+ 56.Kg2 Rxa3 57.Rxf7+ Ke8
58.Rh7 Rc3 59.e6 Rxc2+ 60.Kf3 Nf5 61.Be4 Rc3+ 62.Kf4 Nd6 63.Bc6+ Kf8 64.Ke5 Nxc4+
65.Kf6 Kg8 66.Rg7+ Kh8 67.Rd7 Rc2 68.Rd8+  1-0

[Event "Regionalliga SO9596"]
[Site "Bayern"]
[Date "1995.??.??"]
[Round "?"]
[White "Eckerl, Uwe"]
[Black "Kohout, Peter"]
[Result "0-1"]
[WhiteElo "2180"]
[BlackElo "2290"]

1.e4 g6 2.d4 Bg7 3.Nc3 d6 4.Be3 c6 5.Qd2 Nd7 6.Nf3 Qa5 7.O-O-O b5 8.Kb1 b4
9.Ne2 Ngf6 10.Ng3 Ng4 11.Bg5 h6 12.Bh4 e6 13.Bd3 Ngf6 14.Nf1 c5 15.Ne3 Ba6
16.e5 Nh7 17.exd6 cxd4 18.Bxa6 dxe3 19.Qe2 O-O 20.Qb5 Qxb5 21.Bxb5 Nhf6 22.fxe3 g5
23.Bg3 Rab8 24.Bxd7 Nxd7 25.h4 g4 26.Nd4 Rfc8 27.Rhf1 Rb7 28.Ne2 Nb6 29.Rf4 Nd5
30.Rxd5 exd5 31.Rxg4 Re8 32.Nd4 Kh7 33.Nf5 Bf6 34.h5 Bg5 35.Rd4 Rb5 36.Rd3 Kg8
37.b3 a5 38.Kc1 Rc5 39.Rd2 Rec8 40.Kd1  0-1

[Event "Regionalliga NW9596"]
[Site "Bayern"]
[Date "1995.??.??"]
[Round "?"]
[White "Kruszynski, Wlodzimierz"]
[Black "Ehrler, Eberhard"]
[Result "1-0"]
[WhiteElo "2345"]
[BlackElo "2170"]

1.e4 g6 2.d4 Bg7 3.Nc3 d6 4.Nf3 Nf6 5.Be2 O-O 6.O-O Bg4 7.h3 Bxf3 8.Bxf3 Nc6
9.Ne2 e5 10.c3 Nd7 11.Be3 Nb6 12.Qb3 Na5 13.Qc2 Nac4 14.Bc1 d5 15.exd5 exd4
16.cxd4 Re8 17.Bf4 Qd7 18.Rac1 Rac8 19.Bg4 f5 20.Bf3 Nd6 21.Qb3 Qb5 22.Qc2 Qd7
23.Rfd1 Ne4 24.Nc3 Nxc3 25.Qxc3 Nxd5 26.Qb3 c6 27.Rc5 Qf7 28.Rxd5  1-0

[Event "Regionalliga SW9596"]
[Site "Bayern"]
[Date "1995.??.??"]
[Round "?"]
[White "Strasser, Josef"]
[Black "Margraf, Achim"]
[Result "0-1"]
[WhiteElo "1800"]
[BlackElo "1795"]

1.e4 g6 2.d4 Bg7 3.Nc3 d6 4.g3 c6 5.Bg2 Nf6 6.Nge2 O-O 7.O-O a5 8.h3 Na6
9.Be3 e5 10.dxe5 dxe5 11.Qxd8 Rxd8 12.Bb6 Rd2 13.Rfd1 Rxd1+ 14.Rxd1 Be6 15.Bxa5 Nd7
16.Nb1 b6 17.Bd2 Bxa2 18.b3 Bxb1 19.Rxb1 Nac5 20.Nc1 Ne6 21.c3 Bf8 22.Kf1 Ra3
23.Ke1 Kg7 24.Ke2 Bc5 25.b4 Be7 26.Kd1 b5 27.Kc2 Nb6 28.Rb3 Ra6 29.Bf1 Bg5
30.Bxg5 Nxg5 31.Kd3 Ra1 32.Kc2 Nxe4 33.Bg2 f5 34.Kb2 Ra8 35.Nd3 Nc4+ 36.Kc2  0-1

[Event "Regionalliga SW9596"]
[Site "Bayern"]
[Date "1995.??.??"]
[Round "?"]
[White "Koller, Werner"]
[Black "Schmeidler, Martin"]
[Result "1/2-1/2"]
[WhiteElo "1990"]
[BlackElo "2075"]

1.e4 g6 2.d4 Bg7 3.Nc3 d6 4.f4 Nh6 5.Nf3 O-O 6.Be3 Nd7 7.h3 e5 8.Qd2 exd4
9.Bxd4 Bxd4 10.Qxd4 Qf6 11.Qxf6 Nxf6 12.O-O-O Re8 13.Bd3 Bd7 14.g4 Bc6 15.g5 Nxe4
16.Nxe4 Rxe4 17.Bxe4 Bxe4 18.Rhf1 Nf5 19.Rde1 Bc6 20.Rf2 a5 21.c3 Bd5 22.a3 c5
23.Nd2 Kg7 24.Nf1 Be6 25.Ne3 b5 26.Rd2 b4 27.Nxf5+ Bxf5 28.Rxd6 Rb8 29.axb4 cxb4
30.Ra6 Rc8 31.Re3 Rc5 32.Kd2 Rd5+ 33.Kc1 Rc5 34.Kd2 Rd5+ 35.Kc1 Rc5  1/2-1/2

[Event "Regionalliga SW9596"]
[Site "Bayern"]
[Date "1995.??.??"]
[Round "?"]
[White "Angeli, Rudolf"]
[Black "Wolf, Gerhard"]
[Result "1/2-1/2"]
[WhiteElo "1785"]
[BlackElo "2005"]

1.d4 g6 2.e4 d6 3.Nc3 Bg7 4.Be2 Nd7 5.h4 h6 6.h5 g5 7.f4 gxf4 8.Bxf4 e5 9.dxe5 Nxe5
10.Nf3 Nc6 11.Qd2 Bg4 12.O-O-O Nge7 13.Nd4 Qd7 14.Nf5 Bxf5 15.exf5 Qxf5 16.Rh4 Qa5
17.Bc4 O-O-O 18.Bxf7 Qf5 19.Bc4 Bf6 20.g4 Qa5 21.Be6+ Kb8 22.Rh3  1/2-1/2

[Event "Regionalliga SW9495"]
[Site "Bayern"]
[Date "1995.??.??"]
[Round "2"]
[White "Schlemmer, Hans"]
[Black "Dierich, Jochen"]
[Result "1-0"]
[WhiteElo "2170"]
[BlackElo "1905"]

1.e4 g6 2.d4 Bg7 3.Nc3 d6 4.Bc4 Nf6 5.Qe2 e5 6.dxe5 dxe5 7.Nf3 Bg4 8.Bxf7+ Ke7
9.Bb3 Nc6 10.Qc4 Rf8 11.h3 Bd7 12.Bg5 Ke8 13.Nd5 Rc8 14.Nxf6+ Bxf6 15.Bh6 b5
16.Qd5 Ne7 17.Qc5 Rh8 18.Nxe5  1-0

[Event "Regionalliga SO9495"]
[Site "Bayern"]
[Date "1995.??.??"]
[Round "2"]
[White "Von Werner, Konrad"]
[Black "Kohout, Peter"]
[Result "0-1"]
[WhiteElo "2070"]
[BlackElo "2315"]

1.e4 g6 2.d4 Bg7 3.Nc3 d6 4.Be3 c6 5.Qd2 Nd7 6.Nf3 b5 7.Bd3 a6 8.a4 Bb7 9.O-O Ngf6
10.Bh6 O-O 11.Bxg7 Kxg7 12.e5 Ne8 13.Rfe1 dxe5 14.dxe5 Nc7 15.Qe3 Ne6 16.Ne4 Qc7
17.Neg5 Ndc5 18.Nxe6+ Nxe6 19.Ng5 Nxg5 20.Qxg5 Rad8 21.Re3 Bc8 22.c4 Rd4
23.h3 bxc4 24.Be2 Bf5 25.Qg3 Rb8 26.Rc1 Rb4 27.Rec3 Be6 28.Bg4 Bxg4 29.hxg4 Qd7
30.g5 Rd1+ 31.Kh2 Rxc1 32.Rxc1 Qd4 33.f4 Rxb2 34.Rf1 c3 35.f5 gxf5 36.Rxf5 Rb1
37.Qh3 Qg1+ 38.Kg3 Qe3+  0-1

[Event "Regionalliga SO9495"]
[Site "Bayern"]
[Date "1995.??.??"]
[Round "2"]
[White "Jergler, Karl Heinz"]
[Black "Kohout, Peter"]
[Result "0-1"]
[WhiteElo "2120"]
[BlackElo "2315"]

1.e4 g6 2.d4 Bg7 3.Nc3 d6 4.Bg5 c5 5.Bb5+ Bd7 6.Bxd7+ Nxd7 7.Nge2 Ngf6 8.O-O O-O
9.Qd2 cxd4 10.Nxd4 Ne5 11.Bxf6 Bxf6 12.Nd5 Bg7 13.b3 Nc6 14.c3 Nxd4 15.cxd4 e6
16.Ne3 Qb6 17.Rad1 Rac8 18.d5 e5 19.Nc4 Qc7 20.Rc1 Qd7 21.Qb4 Bh6 22.Rcd1 Rfd8
23.Rd3 b6 24.g3 Rc5 25.f4 Qg4 26.Ne3 Qe2 27.Qd2 Qxd2 28.Rxd2 exf4 29.gxf4 Re8
30.Ng4 Bg7 31.e5 dxe5 32.fxe5 Bxe5 33.Nh6+ Kg7 34.Nxf7 Bf6 35.Nd6 Re5 36.Rdf2 Bg5
37.Rf7+ Kh6 38.R7f3 Rexd5 39.Nf7+ Kg7 40.Nxg5 Rxg5+ 41.Kh1 Rgf5 42.Rxf5 Rxf5
43.Rd1 Rf7 44.Kg2 g5 45.Kg3 Kg6 46.Rd6+ Rf6 47.Rd7 a5 48.h4 h6 49.hxg5 hxg5
50.Rd5 Kh5 51.Rd8 Rf4 52.Rd6 b5 53.Rb6 Rf5 54.Ra6 b4 55.Re6 Rc5 56.Re2 Rc3+
57.Kg2 Kg4 58.Rf2 Rg3+ 59.Kh2 Rf3 60.Rd2 Kf4 61.Kg2 Ke3 62.Rb2 g4 63.a3 Kd3
64.axb4 axb4 65.Rb1  0-1

[Event "Regionalliga NO9495"]
[Site "Bayern"]
[Date "1995.??.??"]
[Round "6"]
[White "Bayer, Christian"]
[Black "Schamberger, Alfons"]
[Result "0-1"]
[WhiteElo "2030"]
[BlackElo "2000"]

1.d4 g6 2.e4 Bg7 3.Nc3 d6 4.Be2 Nf6 5.h4 c5 6.d5 a6 7.a4 Qc7 8.Bf4 Nbd7 9.Qd2 Ne5
10.Nh3 Bg4 11.f3 Bxh3 12.Rxh3 O-O-O 13.a5 Kb8 14.Na4 e6 15.Nb6 exd5 16.exd5 Rhe8
17.Kf1 Nfd7 18.Ra3 Re7 19.Be3 f5 20.b4 Rde8 21.bxc5 Nxc5 22.Bxc5 dxc5 23.d6 Qd8
24.Qd5 Re6 25.d7 R8e7 26.Re3 f4 27.Re4 Rxb6 28.axb6 Rxd7 29.Qxc5 Nc6 30.Qg5 Qxb6
31.Qxf4+ Ka7 32.Bd3 Bd4 33.h5 Qb1+ 34.Re1 Qb2 35.hxg6 hxg6 36.Rh6 Nb4 37.Qe4 Bb6
38.Qe2 Qd4 39.Rh1 Rh7 40.Qe3 Rxh1+ 41.Kf2 Nxd3+  0-1

[Event "Regionalliga SO9495"]
[Site "Bayern"]
[Date "1995.??.??"]
[Round "7"]
[White "Steinberg, Sven"]
[Black "Koenig, Josef"]
[Result "1/2-1/2"]
[WhiteElo "1995"]
[BlackElo "1975"]

1.e4 g6 2.d4 Bg7 3.Nc3 d6 4.h3 Nd7 5.Nf3 c5 6.Bc4 cxd4 7.Nxd4 Ngf6 8.Be3 O-O
9.O-O a6 10.a4 Qc7 11.Qe2 Rb8 12.a5 Ne5 13.Bb3 Bd7 14.Nd5 Nxd5 15.Bxd5 Nc6
16.Nxc6 Bxc6 17.Bb6 Qd7 18.c3 Rbc8 19.Qe3 Rfe8 20.Rad1 Bxd5 21.exd5 Qb5 22.Rd2 Rc4
23.Qe2 Qb3 24.Ra1 Ra4 25.Rxa4 Qxa4 26.Qg4 Qxg4 27.hxg4 h6 28.Re2 Bf6 29.Re4 Rc8
30.Rb4 Kg7 31.Ba7 Rc7 32.Bb6 Rc8 33.f3 g5 34.Kf2 Be5 35.Ke2 Kg6 36.Kd3 f5
37.Ba7 Rc7 38.Bb6 Rc8 39.Be3 Rc7 40.Bf2 fxg4 41.fxg4 Kf6 42.Rb6 e6 43.dxe6 Kxe6
44.Be3 Bf6 45.Rb4  1/2-1/2

[Event "Regionalliga SO9495"]
[Site "Bayern"]
[Date "1995.??.??"]
[Round "7"]
[White "Beckert, Stefan"]
[Black "Kalwa, Johannes"]
[Result "1/2-1/2"]
[WhiteElo "1915"]
[BlackElo "1805"]

1.e4 g6 2.d4 Bg7 3.Nc3 d6 4.Be3 Nf6 5.f3 O-O 6.Qd2 e5 7.Nge2 exd4 8.Nxd4 Nc6
9.O-O-O Re8 10.h4 Nh5 11.g4 Ng3 12.Rg1 Nxf1 13.Rgxf1 Be6 14.h5 Qd7 15.Rh1 Ne5
16.Qh2 Bh8 17.hxg6 fxg6 18.Nf5 Nc4 19.Nh6+ Kf8 20.Bg5 Nxb2 21.Qf4+ Bf5 22.Nxf5 gxf5
23.Kxb2 Qb5+ 24.Kc1 Bxc3 25.Qxf5+ Qxf5 26.gxf5 Kg8 27.Rdg1 Kh8 28.Rh5 Rf8
29.Rgh1 Rf7 30.Kd1 Re8 31.Ke2 d5 32.Kd3 Bb2 33.Rb1 dxe4+ 34.fxe4 Rd7+ 35.Ke2 Bc3
36.Rxb7 Rxe4+ 37.Kf3 Re8 38.Rh6 Rd5 39.Kg4 Re4+ 40.Kf3 Rc4  1/2-1/2

[Event "Regionalliga SO9495"]
[Site "Bayern"]
[Date "1995.??.??"]
[Round "8"]
[White "Kramer, Kurt"]
[Black "Thiering, Erwin"]
[Result "1/2-1/2"]
[WhiteElo "1940"]
[BlackElo "1915"]

1.e4 g6 2.d4 Bg7 3.Nc3 d6 4.f4 e6 5.Nf3 Ne7 6.Bd3 O-O 7.O-O h6 8.Be3 b6 9.Qe1 Ba6
10.Bxa6 Nxa6 11.Nh4 f5 12.Rd1 Kh7 13.exf5 Nxf5 14.Nxf5 exf5 15.d5 Re8 16.Qd2 Nc5
17.Bxc5 bxc5 18.Rfe1 Qd7 19.b3 Bd4+ 20.Kh1 Qg7 21.Nb5 Bf6 22.Rxe8 Rxe8 23.Re1 Rxe1+
24.Qxe1 a6 25.Na3 Bc3 26.Qe6  1/2-1/2

[Event "Benasque op"]
[Site "Benasque"]
[Date "1995.??.??"]
[Round "7"]
[White "Danailov, Silvio"]
[Black "Nogueiras, Jesus"]
[Result "1/2-1/2"]
[WhiteElo "2450"]
[BlackElo "2560"]

1.e4 d6 2.d4 g6 3.Nc3 Bg7 4.Be3 a6 5.Qd2 Nd7 6.h4 h5 7.f3 b5 8.a4 b4 9.Nd1 c5
10.Nh3 Ngf6 11.Ng5 O-O 12.Be2 cxd4 13.Bxd4 a5 14.b3 Ne5 15.O-O Bb7 16.Rc1 Nc6  1/2-1/2

[Event "Berliner Sommer"]
[Site "Berlin"]
[Date "1995.??.??"]
[Round "4"]
[White "Erneste, Inguna"]
[Black "Korotylev, Alexey"]
[Result "1/2-1/2"]
[WhiteElo "2235"]
[BlackElo "2450"]

1.e4 g6 2.d4 Bg7 3.Nc3 d6 4.Nf3 Nf6 5.Be2 O-O 6.O-O c6 7.h3 Nbd7 8.Be3 Qc7
9.a4 e5 10.dxe5 dxe5 11.Qd2 Re8 12.Rfd1 Bf8 13.Bg5 a5 14.Bc4 Nh5 15.Ne2 Ng7
16.Bb3 Nc5 17.Bd8 Qb8 18.Bb6 Nxb3 19.cxb3 Be6 20.Qe3 f6 21.Rd3 Bd6 22.Nd2 Bc7
23.Nc4 Bxc4 24.bxc4 Bxb6 25.Qxb6 Qa7 26.Qxa7 Rxa7 27.Nc1 Ne6 28.Nb3 Kf7 29.Rad1 Re7
30.c5 Ra8 31.f3 g5 32.Kf2 h5 33.R1d2 h4 34.Ke3 Ra6 35.Rd6 Ra8 36.Kd3 Nf4+
37.Kc4 Ne6 38.R6d3 Ke8 39.Rd6 Kf7 40.Kc3 Ke8 41.Kc4 Kf7 42.Kc3 Ke8 43.Kc4 Kf7
44.Na1 Rae8 45.Nc2 Rb8 46.b3 Rbe8 47.b4 axb4 48.Kxb4 Kg6 49.a5 Kf7 50.Ne3 Nd4
51.Nc4 Rb8 52.Nb6 Re6 53.Nc4 Re7 54.Ra2 Rc7 55.Nb6 Ke7 56.Rd2 Rd8 57.Nc4 Rcd7
58.Rxd7+ Kxd7 59.Ra2 Kc7 60.Nd6 Ra8 61.Rb2 Ne6 62.Nc4 Rd8  1/2-1/2

[Event "Berliner Sommer"]
[Site "Berlin"]
[Date "1995.??.??"]
[Round "7"]
[White "Hoppe, F."]
[Black "Schmidt, J."]
[Result "0-1"]
[WhiteElo "1905"]
[BlackElo "2265"]

1.e4 g6 2.d4 Bg7 3.Nc3 d6 4.Be3 Nf6 5.f3 O-O 6.Qd2 Nc6 7.h4 e5 8.d5 Nd4 9.O-O-O c5
10.Bh6 b5 11.Bxg7 Kxg7 12.Nb1 b4 13.c3 bxc3 14.bxc3 Bd7 15.cxd4 cxd4 16.Kb2 Rb8+
17.Ka1 Qb6 18.Bd3 Ba4 19.Rc1 Nd7 20.h5 Kg8 21.hxg6 fxg6 22.Na3 Nc5 23.Rb1 Qc7
24.Ne2 Rbc8 25.Rhc1 Qd7 26.Rc4 Rc7 27.Nc1 Rfc8 28.Nb3 Bxb3 29.axb3 a5 30.Ka2 Rb7
31.Rc2 Rcb8 32.Bc4 Rb4 33.Rcb2 Qb7 34.Nc2 Rb6 35.Na3 Rb4 36.Nc2 Rb6 37.Na1 Qa7
38.Rf1 a4 39.Kb1 axb3 40.Rf2 d3 41.Qc3 Ra8 42.Rxb3 Nxb3 43.Nxb3 Rxb3+ 44.Bxb3 Qxf2
45.Qxd3 Qxg2 46.f4 Qg1+ 47.Bd1 exf4 48.e5 Qb6+ 49.Bb3 Rb8  0-1

[Event "Berliner Sommer"]
[Site "Berlin"]
[Date "1995.??.??"]
[Round "8"]
[White "Kristovic, Marijan"]
[Black "Korotylev, Alexey"]
[Result "1-0"]
[WhiteElo "2290"]
[BlackElo "2450"]

1.e4 d6 2.d4 g6 3.Nc3 Bg7 4.Nf3 Nf6 5.h3 O-O 6.Bd3 Nc6 7.Be3 e5 8.dxe5 dxe5
9.Bb5 Qe7 10.Bxc6 bxc6 11.O-O h6 12.Qc1 Kh7 13.Re1 Nh5 14.a3 a5 15.Na4 Re8
16.Nc5 f5 17.b4 Nf6 18.Bd2 Qf8 19.Bc3 fxe4 20.Nxe4 Nd5 21.Qb2 axb4 22.axb4 Rxa1
23.Qxa1 Bf5 24.Bxe5 Bxe5 25.Nxe5 Qxb4 26.Nxc6 Qc4 27.Ng5+ hxg5 28.Rxe8 Nc3
29.Qa8 Ne2+ 30.Kh1  1-0

[Event "Berliner Sommer"]
[Site "Berlin"]
[Date "1995.??.??"]
[Round "8"]
[White "Brynell, Stellan"]
[Black "Kozlovskaya, Valentina"]
[Result "1-0"]
[WhiteElo "2460"]
[BlackElo "2225"]

1.d4 d6 2.e4 g6 3.Nc3 Bg7 4.Nf3 c6 5.a4 Nf6 6.h3 O-O 7.Be3 Qc7 8.a5 Nbd7
9.Qd2 Re8 10.Bc4 e6 11.O-O d5 12.Bf4 Qd8 13.Bd3 dxe4 14.Nxe4 Nxe4 15.Bxe4 Nf6
16.Bd3 Nd5 17.Be5 f6 18.Bg3 Bd7 19.Rfe1 b5 20.c3 a6 21.Qc2 Bc8 22.h4 Ne7
23.Bf4 Ra7 24.h5 Nd5 25.Bg3 f5 26.Ne5 Bxe5 27.Bxe5 Qg5 28.Be2 Rf7 29.Bf3 Bd7
30.g3 gxh5 31.Qe2 h4 32.Bh5 hxg3 33.Bxf7+ Kxf7 34.fxg3 Rg8 35.Kf2 Nf6 36.Bf4 Ng4+
37.Kg2 Qg6 38.Qf3 h5 39.Rh1 Rc8 40.Rae1 Rg8 41.b3 Rh8 42.Rh4 Rg8 43.Re2 Re8
44.Kf1 Rh8 45.Ke1 Rh7 46.Kd2 Kg8 47.Kc1 Be8 48.Kb2 Qf7 49.Bd6 Qd7 50.Qf4 Qc8
51.Rh1 Qd7 52.Rhe1 Bf7 53.Bb4 Qd5 54.Qb8+ Kg7 55.Qf8+ Kg6 56.Qc8 e5 57.Rxe5 Nxe5
58.Rxe5 Qg2+ 59.Ka3 Qf3 60.Be7 Rg7 61.Bh4 Bd5 62.Kb4 Bf7 63.Qxa6 Rg8 64.Rc5 Bd5
65.Qb7 Rg7 66.Qc8 Kh7 67.Bf6 Rf7 68.Be5 f4 69.gxf4 Kg6 70.Qg8+ Kf5 71.Qg5+  1-0

[Event "Berliner Sommer"]
[Site "Berlin"]
[Date "1995.??.??"]
[Round "9"]
[White "Berzinsh, Roland"]
[Black "Schulz, Karsten"]
[Result "0-1"]
[WhiteElo "2435"]
[BlackElo "2315"]

1.e4 g6 2.d4 Bg7 3.Nc3 d6 4.Nf3 c6 5.Be2 b5 6.e5 Bg4 7.Ng5 Bxe2 8.Qxe2 h6
9.Nf3 b4 10.Ne4 d5 11.Nc5 e6 12.a3 bxa3 13.Nb7 axb2 14.Bxb2 Qc7 15.Nd6+ Kf8
16.Ba3 Ne7 17.Rb1 c5 18.Bxc5 Nbc6 19.O-O Rb8 20.Nd2 Kg8 21.Rxb8+ Qxb8 22.Rb1 Qa8
23.Qf3 Nf5 24.Nxf5 gxf5 25.c4 dxc4 26.Nxc4 Kh7 27.Nd6 Rb8 28.Ra1 f6 29.exf6 Bxf6
30.Qh5 Rg8 31.d5 Bxa1 32.Be3 Rg6 33.Nf7 Qb7 34.Bxh6 Qxf7 35.Bg5+ Kg8  0-1

[Event "Bled op-B"]
[Site "Bled"]
[Date "1995.??.??"]
[Round "4"]
[White "Spilak, Tomislav"]
[Black "Ciglic, Boris"]
[Result "1/2-1/2"]
[WhiteElo "1865"]
[BlackElo "2195"]

1.e4 g6 2.d4 Bg7 3.Nc3 d6 4.Be3 Nf6 5.h3 c6 6.Bd3 e5 7.dxe5 dxe5 8.Nf3 Nbd7
9.Qd2 O-O 10.Bh6 Qe7 11.Bxg7 Kxg7 12.a3 a5 13.O-O Nh5 14.Ne2 Nc5 15.b4 Nxd3
16.Qxd3 axb4 17.axb4 Rxa1 18.Rxa1 Qxb4 19.Nxe5 Re8 20.Nc4 Be6 21.Nd6 Re7
22.Qd4+ Qxd4 23.Nxd4 Bd7 24.Ra7 c5 25.Nb3 Re6 26.Nxb7 Rxe4 27.N7xc5 Re1+
28.Kh2 Bc6 29.Rc7 Ba8 30.Nd3 Re2 31.Nd4 Re4 32.Nb5 Bd5 33.Nc3 Rd4 34.Nxd5 Rxd5
35.g3 Nf6 36.f3 Rd4 37.g4 Nd5 38.Rd7 Kf8 39.Kg3 g5 40.Nb4 Rxb4 41.Rxd5 h6
42.Rc5 Rd4 43.Rc6 Kg7 44.c4 Rd3 45.c5 Rc3 46.Rc8 Kf6 47.c6 Rc2 48.Rc7 Ke6
49.Rc8 Ke7 50.c7 Kf6  1/2-1/2

[Event "Bled op"]
[Site "Bled"]
[Date "1995.??.??"]
[Round "4"]
[White "Dewenter, Ulf"]
[Black "Mali, Slavko"]
[Result "1-0"]
[WhiteElo "2315"]
[BlackElo "2225"]

1.e4 d6 2.d4 g6 3.Nc3 Bg7 4.Be3 Nf6 5.Qd2 O-O 6.h3 c6 7.Nf3 Qa5 8.Bd3 Nbd7
9.O-O Re8 10.Rad1 e5 11.dxe5 Nxe5 12.Be2 Nxf3+ 13.Bxf3 Be6 14.Qxd6 Rad8 15.b4 Rxd6
16.bxa5 Rxd1 17.Rxd1 Nd7 18.Bd4 Bf8 19.Rb1 c5 20.Be3 b6 21.Nd5 Rc8 22.c4 bxa5
23.Rb7 Nb6 24.Be2 Kg7 25.Nxb6 axb6 26.Rxb6 a4 27.a3 h5 28.Kf1 Be7 29.f4 Bf6
30.e5 Be7 31.Bd3 Kf8 32.Ke2 Ke8 33.Kd2 Bd7 34.Kc2 Kd8 35.Be4 Ke8 36.Kc3 Kd8
37.Ra6 Rb8 38.Bc2 Bc8 39.Rxa4 Bb7 40.g3 Bg2 41.h4 Ra8 42.Rxa8+ Bxa8 43.f5 gxf5
44.Bd1 f6 45.exf6 Bxf6+ 46.Kb3  1-0

[Event "SWE-ch"]
[Site "Borlange"]
[Date "1995.??.??"]
[Round "13"]
[White "Hjelm, Niclas"]
[Black "Johansson, Mikael"]
[Result "1/2-1/2"]
[WhiteElo "2335"]
[BlackElo "2310"]

1.e4 g6 2.d4 Bg7 3.Nc3 d6 4.g3 c6 5.Be3 d5 6.Bg2 Nf6 7.Nge2 O-O 8.e5 Ng4
9.Bc1 f6 10.exf6 exf6 11.h3 Nh6 12.g4 Na6 13.Be3 Nc7 14.Qd2 Nf7 15.O-O-O b5
16.Ng3 Nd6 17.b3 a5 18.f3 Rb8 19.h4 Re8 20.Rde1  1/2-1/2

[Event "Slovan op"]
[Site "Bratislava"]
[Date "1995.??.??"]
[Round "?"]
[White "Sobolevsky, Leonid"]
[Black "Zhidkov, Valery S"]
[Result "1-0"]
[WhiteElo "2100"]
[BlackElo "2315"]

1.e4 g6 2.d4 d6 3.Nc3 Bg7 4.f4 Nc6 5.Be3 Nf6 6.Be2 O-O 7.d5 Nb8 8.g4 c6 9.g5 Nfd7
10.Bd4 cxd5 11.Bxg7 Kxg7 12.Nxd5 Nc6 13.h4 e6 14.Nc3 Qb6 15.Qd2 Qxb2 16.Rb1 Qa3
17.h5 Nc5 18.Nf3 a6 19.Nd4 Bd7 20.Nb3 Nxb3 21.Rxb3 Qc5 22.Na4 Qd4 23.Nb6 Qxe4
24.Rbh3 Rfd8 25.hxg6 hxg6 26.Rh7+ Kf8 27.Qxd6+  1-0

[Event "Bratislava op"]
[Site "Bratislava"]
[Date "1995.??.??"]
[Round "3"]
[White "Novak, Ivan"]
[Black "Sabolik, V."]
[Result "1-0"]
[WhiteElo "2330"]
[BlackElo "2025"]

1.e4 d6 2.d4 g6 3.Nc3 Bg7 4.Be2 Nc6 5.Nf3 e5 6.dxe5 Nxe5 7.Nxe5 Bxe5 8.O-O Bg7
9.Bf4 Ne7 10.Qd2 Be6 11.Rfd1 a6 12.Qe3 Nc6 13.Nd5 O-O 14.Bh6 Bxd5 15.Bxg7 Kxg7
16.exd5 Re8 17.Qc3+ Qf6 18.Qxf6+ Kxf6 19.Kf1 Ne5 20.a4 Re7 21.Ra3 Nd7 22.a5 Rae8
23.Bf3 Ne5 24.g3 Nc4 25.Ra4 Ne5 26.Rf4+ Kg7 27.Kg2 Nxf3 28.Kxf3 Re5 29.g4 h5
30.h3 hxg4+ 31.hxg4 f5 32.g5 Re2 33.Rc4 R8e7 34.Rd3 R2e4 35.Rdc3 Rxc4 36.Rxc4 Kf8
37.Rb4 Re5 38.c4 c6 39.Rxb7 cxd5 40.cxd5 Rxd5 41.b4 Rd4 42.b5  1-0

[Event "RUS-sf"]
[Site "Briansk"]
[Date "1995.??.??"]
[Round "4"]
[White "Daniliuk, Sergey"]
[Black "Petrushin, Alexander I"]
[Result "1-0"]
[WhiteElo "2445"]
[BlackElo "2485"]

1.e4 g6 2.d4 Bg7 3.Nc3 d6 4.f4 c6 5.Nf3 Bg4 6.Be3 Qb6 7.Qd2 Nd7 8.O-O-O Qa5
9.Kb1 b5 10.e5 d5 11.Bd3 Nb6 12.b3 Rb8 13.Ne4 Qxd2 14.Nexd2 Nc4 15.Nxc4 Bxf3
16.Nd6+ exd6 17.gxf3 Ne7 18.Rhg1 Kd7 19.h4 Bh6 20.Bd2 Nf5 21.Bxf5+ gxf5 22.Rde1 Rbe8
23.exd6 Rxe1+ 24.Rxe1 Re8 25.Re5 Bg7 26.Rxf5 Ke6 27.Rh5 Rh8 28.f5+ Kxd6 29.f6 Bxf6
30.Rh6 Ke7 31.Bg5 Bxg5 32.hxg5 Kd7 33.f4 a5 34.a3 Kc7 35.Kc1 Kd7 36.Kd2 b4
37.axb4 axb4 38.Ke3 Kc8 39.Kd3 Kd7 40.Ke3 Re8+ 41.Kf3 Rc8 42.Rxh7 c5 43.Rxf7+ Ke6
44.Rf6+ Ke7 45.Rb6 cxd4 46.Rxb4 Rc3+ 47.Kg4 d3 48.cxd3 Rxd3 49.Kf5 Re3 50.g6  1-0

[Event "RUS-chT"]
[Site "Briansk"]
[Date "1995.??.??"]
[Round "7"]
[White "Kislov, Mikhail"]
[Black "Glianietz, Alexander R"]
[Result "0-1"]
[WhiteElo "2400"]
[BlackElo "2385"]

1.e4 g6 2.d4 Bg7 3.Nc3 d6 4.f4 Nf6 5.Nf3 c5 6.dxc5 Qa5 7.Bd3 Qxc5 8.Qe2 Bg4
9.Be3 Qa5 10.O-O O-O 11.h3 Bxf3 12.Qxf3 Nc6 13.a3 Nd7 14.Bd2 Qb6+ 15.Kh1 Nc5
16.Rab1 Nxd3 17.Qxd3 Rac8 18.Nd5 Qd4 19.Qe2 b5 20.b3 f5 21.Nc3 Qc5 22.b4 Qc4
23.Qxc4+ bxc4 24.exf5 gxf5 25.Rfe1 Kf7 26.Ne2 Rfd8 27.b5 Nd4 28.Nxd4 Bxd4
29.Be3 Bb6 30.c3 h5 31.Kg1 Rg8 32.Kf2 Rg6 33.Bxb6 axb6 34.Rb4 d5 35.Rb2 Rcg8
36.Kf1 e6 37.a4 Ra8 38.Ra1 Ra5 39.Kf2 h4 40.Re2 Ke7 41.Re3 Kd6 42.g3 Ra8
43.gxh4 Rh6 44.Rg3 Rxh4 45.Ke3 Kc5 46.Ra2 e5 47.Rg6 d4+ 48.Ke2 Rxh3 49.Rc6+ Kd5
50.Ra1 Rh2+ 51.Kf3 e4+ 52.Kg3 Rah8  0-1

[Event "AUS-sf Brisbane"]
[Site "Brisbane"]
[Date "1995.??.??"]
[Round "9"]
[White "Myers, John"]
[Black "Stephson, David"]
[Result "0-1"]
[WhiteElo "2055"]
[BlackElo "2170"]

1.e4 d6 2.d4 g6 3.Nc3 Bg7 4.Be3 Nf6 5.Be2 Nc6 6.f3 O-O 7.Qd2 e5 8.d5 Nd4
9.Bxd4 exd4 10.Qxd4 Nh5 11.Qf2 Qg5 12.g4 Nf4 13.h4 Qe5 14.Nh3 b5 15.Qh2 Nxh3
16.Qxe5 Bxe5 17.Rxh3 b4 18.Nd1 f5 19.exf5 gxf5 20.g5 Bb7 21.Bc4 Rfe8 22.Kd2 Bf4+
23.Kd3 Re1 24.a3 a5 25.axb4 axb4 26.Rxa8+ Bxa8 27.Nf2 Re3+ 28.Kd4 Re5 29.Nd3 Be3+  0-1

[Event "Brno-A"]
[Site "Brno"]
[Date "1995.??.??"]
[Round "2"]
[White "Berezjuk, Sergej"]
[Black "Narciso Dublan, Marc"]
[Result "1-0"]
[WhiteElo "2385"]
[BlackElo "2390"]

1.e4 g6 2.d4 Bg7 3.Nc3 d6 4.Be3 c6 5.Qd2 b5 6.Nf3 Nd7 7.Bd3 Nb6 8.b3 Bg4
9.Ng1 Nf6 10.f3 Bd7 11.g4 O-O 12.h4 b4 13.Nce2 c5 14.h5 cxd4 15.Bh6 e5 16.Ng3 Qe7
17.O-O-O a5 18.N1e2 a4 19.Kb1 Rfc8 20.Rdg1 axb3 21.cxb3 Kh8 22.Bxg7+ Kxg7
23.Rg2 g5 24.Qxg5+ Kh8 25.Qd2 Rg8 26.g5 Ne8 27.Nf1 Nc7 28.g6 Ne6 29.f4 Nc5
30.f5 f6 31.h6 hxg6 32.fxg6 Be6 33.Nc1 Qb7 34.Qe2 Nba4 35.bxa4 Nxa4 36.Qh5 Nc3+
37.Ka1  1-0